Dimensionen der Religiosität: Skalen, Messmodelle und Ergebnisse einer empirisch orientierten Religionspsychologie
| 1. VerfasserIn: | |
|---|---|
| Medienart: | Druck Buch |
| Sprache: | Deutsch |
| Veröffentlicht: |
Freiburg, Schweiz [u.a.]
Univ.-Verl. [u.a.]
1996
Bern Göttingen Toronto Seattle Huber 1996 |
| In: |
Freiburger Beiträge zur Psychologie (18)
Jahr: 1996 |
| Online-Zugang: |
Inhaltsverzeichnis |
| Verfügbarkeit prüfen: | HBZ Gateway |
| Subito Bestelldienst: | Jetzt bestellen. |
| Schlagwörter: |
MARC
| LEADER | 00000cam a2200000 c 4500 | ||
|---|---|---|---|
| 001 | 215081242 | ||
| 003 | DE-627 | ||
| 005 | 20260206195609.0 | ||
| 007 | tu | ||
| 008 | 960906s1996 sz ||||| 00| ||ger c | ||
| 015 | |a 96,N38,0095 |2 dnb | ||
| 015 | |a 97,A32,0175 |2 dnb | ||
| 016 | 7 | |a 948460016 |2 DE-101 | |
| 020 | |a 3727810866 |c (Univ.-Verl.) |9 3-7278-1086-6 | ||
| 020 | |a 3456828373 |c (Huber) |9 3-456-82837-3 | ||
| 035 | |a (DE-627)215081242 | ||
| 035 | |a (DE-603)050959220 | ||
| 035 | |a (DE-576)054687969 | ||
| 035 | |a (DE-599)DNB948460016 | ||
| 035 | |a (OCoLC)845259466 | ||
| 035 | |a (OCoLC)246558735 | ||
| 035 | |a (OCoLC)246558735 | ||
| 040 | |a DE-627 |b ger |c DE-627 |e rakwb | ||
| 041 | |a ger | ||
| 044 | |c XA-CH |c XA-DE |c XD-CA | ||
| 084 | |a 11 |a 14 |a 13 |a 12 |2 sdnb | ||
| 084 | |a 0 |a 1 |2 ssgn | ||
| 084 | |a BE 3600 |2 rvk |0 (DE-625)rvk/10572: | ||
| 084 | |a CX 7000 |2 rvk |0 (DE-625)rvk/19221: | ||
| 084 | |a 11.06 |2 bkl | ||
| 084 | |a 77.61 |2 bkl | ||
| 084 | |a 77.03 |2 bkl | ||
| 100 | 1 | |a Huber, Stefan |d 1975- |0 (DE-588)134132963 |0 (DE-627)561350329 |0 (DE-576)161504353 |4 aut | |
| 109 | |a Huber, Stefan 1975- | ||
| 245 | 1 | 0 | |a Dimensionen der Religiosität |b Skalen, Messmodelle und Ergebnisse einer empirisch orientierten Religionspsychologie |c Stefan Huber |
| 263 | |a (Univ.-Verl.) Gb. : ca. DM 66.00, ca. sfr 55.00, ca. S 489.00 ; (Huber) Gb. : ca. DM 66.00, ca. sfr 55.00, ca. S 489.00 | ||
| 264 | 1 | |a Freiburg, Schweiz [u.a.] |b Univ.-Verl. [u.a.] |c 1996 | |
| 264 | 1 | |a Bern |a Göttingen |a Toronto |a Seattle |b Huber |c 1996 | |
| 300 | |a 291 S. |b graph. Darst |c 23 cm | ||
| 336 | |a Text |b txt |2 rdacontent | ||
| 337 | |a ohne Hilfsmittel zu benutzen |b n |2 rdamedia | ||
| 338 | |a Band |b nc |2 rdacarrier | ||
| 490 | 1 | |a Freiburger Beiträge zur Psychologie |v 18 | |
| 500 | |a Literaturverz. S. 237 - 257 | ||
| 505 | 8 | |a Literaturverz. S. 237 - 257 | |
| 505 | 8 | |a Literaturverz. S. 237 - 257 | |
| 583 | 1 | |a Archivierung/Langzeitarchivierung gewährleistet |f SSG |x XA-DE-BW |2 pdager |5 DE-21 | |
| 583 | 1 | |a Archivierung prüfen |c 20200919 |f DE-640 |z 1 |2 pdager | |
| 650 | 4 | |a Religion | |
| 650 | 4 | |a Religionssoziologie | |
| 650 | 4 | |a Einstellung (psychologisch) | |
| 650 | 4 | |a Skalierung | |
| 650 | 4 | |a Einstellungsmessung | |
| 650 | 4 | |a Untersuchung, Dimension, Skala, Einstellung, Hochschule, Orthodoxie | |
| 689 | 0 | 0 | |d s |0 (DE-588)4049428-7 |0 (DE-627)10618704X |0 (DE-576)209082011 |a Religiosität |2 gnd |
| 689 | 0 | 1 | |d s |0 (DE-588)4055202-0 |0 (DE-627)104470704 |0 (DE-576)209112727 |a Skalierung |2 gnd |
| 689 | 0 | |5 DE-101 | |
| 689 | 1 | 0 | |d s |0 (DE-588)4049418-4 |0 (DE-627)106187090 |0 (DE-576)20908197X |a Religionspsychologie |2 gnd |
| 689 | 1 | 1 | |d s |0 (DE-588)4014606-6 |0 (DE-627)106339389 |0 (DE-576)208908633 |a Empirische Sozialforschung |2 gnd |
| 689 | 1 | 2 | |d s |0 (DE-588)4038971-6 |0 (DE-627)106230158 |0 (DE-576)209032642 |a Methode |2 gnd |
| 689 | 1 | |5 DE-101 | |
| 830 | 0 | |a Freiburger Beiträge zur Psychologie |v 18 |9 1800 |w (DE-627)131146084 |w (DE-576)013380591 |w (DE-600)1128441-9 |x 1422-4291 |7 am | |
| 856 | 4 | 2 | |u http://scans.hebis.de/HEBCGI/show.pl?05095922_toc.pdf |m V:DE-603;B:DE-17 |q application/pdf |3 Inhaltsverzeichnis |7 1 |
| 889 | |w (DE-576)452011663 | ||
| 889 | |w (DE-627)274154242 | ||
| 889 | |w (DE-627)1522011668 | ||
| 935 | |a mteo | ||
| 935 | |i mdedup | ||
| 935 | |i Blocktest | ||
| 935 | |h HEB |i 0501 | ||
| 935 | |h HEB |i 0503 | ||
| 936 | r | v | |a BE 3600 |b Allgemeines |k Theologie und Religionswissenschaften |k Religionswissenschaft |k Systematische Religionswissenschaft |k Religionspsychologie |k Allgemeines |0 (DE-627)1270701797 |0 (DE-625)rvk/10572: |0 (DE-576)200701797 |
| 936 | r | v | |a CX 7000 |b Religionspsychologie |k Psychologie |k Religions- und Kunstpsychologie |k Religionspsychologie |0 (DE-627)1271502887 |0 (DE-625)rvk/19221: |0 (DE-576)201502887 |
| 936 | b | k | |a 11.06 |j Religionspsychologie |0 (DE-627)106404210 |
| 936 | b | k | |a 77.61 |j Einstellung |j Vorurteil |j Beeinflussung |x Psychologie |0 (DE-627)106413082 |
| 936 | b | k | |a 77.03 |j Methoden und Techniken der Psychologie |0 (DE-627)106418386 |
| 936 | s | n | |a b100 |2 mzub |
| 936 | s | n | |a c200 |2 mzub |
| 936 | s | n | |a m200 |2 mzub |
| 951 | |a BO | ||
| ELC | |b 1 | ||
| LOK | |0 000 xxxxxcx a22 zn 4500 | ||
| LOK | |0 001 2873317213 | ||
| LOK | |0 003 DE-627 | ||
| LOK | |0 004 215081242 | ||
| LOK | |0 005 20240808204609 | ||
| LOK | |0 008 150728||||||||||||||||ger||||||| | ||
| LOK | |0 035 |a (DE-21-110)kd55883 | ||
| LOK | |0 040 |a DE-21-110 |c DE-627 |d DE-21-110 | ||
| LOK | |0 689 |a s |a Religiosität | ||
| LOK | |0 852 |z Kein Bestand am IfK; Nachweis für KrimDok | ||
| LOK | |0 852 |a DE-21-110 | ||
| LOK | |0 852 1 |m v |9 00 | ||
| LOK | |0 935 |a k110 | ||
| LOK | |0 938 |k v | ||
| LOK | |0 939 |a 28-07-15 |b l01 | ||
| ORI | |a SA-MARC-krimdoka001.raw | ||
